| 000 | 00837nac a22001811u 4500 | ||
|---|---|---|---|
| 008 | 100906t xxu||||| |||| 00| 0 eng d | ||
| 020 | _a8120320131 | ||
| 082 | 0 | 0 | _a005.4476 |
| 100 |
_a20080729 _918431 |
||
| 245 | 1 | 0 |
_aMCSA/MCSE self-paced training kit. _pManaging a Microsoft windows 2000 network enviromrnt : exams 70-218 / |
| 260 |
_aNew Delhi : _bPrentice Hall of India, _c2004. |
||
| 300 |
_a846 p. : _bill. ; _c23 cm. _e+ 1 CD-ROM (4 3/4 in.) |
||
| 500 | _aIncludes index. | ||
| 650 | 0 |
_aElectronic data processing personnel _xCertification. _918432 |
|
| 650 | 0 |
_aMicrosoft software _xExaminations _vStudy guides. _918433 |
|
| 942 |
_cBB _k005.4476 _2ddc |
||
| 999 |
_c666 _d666 |
||